• 首页
  • 本馆介绍
  • 公告通知
  • 最新文献
  • 馆藏检索
  • 电子资源
  • 读者荐购
  • 参考咨询
  • CALIS
  • 我的图书馆
  • 登录
  • 详细信息显示
  • 放入我的书架
  • 预约/预借图书
  • 作者相关作品
  • 分类相关作品
  • 丛书相关作品
  • 出版社相关作品

书目信息

  • 表格格式
  • 工作单格式
  • 卡片格式
题名:
金属材料与热处理
    
 
作者: 劳动和社会保障部教材办公室 组织编写
分册:  
出版信息: 第四版   中国劳动  2001.06
页数: 145页
开本: 20cm
丛书名:
单 册:
中图分类: TG14
科图分类:
主题词: 金属材料
电子资源:
ISBN: 7-5045-3092-1
 
 
 
 
 
000 00784nam0 2200229 45
001 0933876619
005 20091009092649.40
010    @a7-5045-3092-1@dCNY13.00
100    @a20090515d2001 ekmy0 y0120 ea
102    @aCN@b130000
102    @aCN@b110000
105    @ay z 000yy
200 1  @a金属材料与热处理@Ajin shu cai liao yu re chu li@f劳动和社会保障部教材办公室组织编写@Flao dong he she hui bao zhang bu jiao cai ban gong shi zu zhi bian xie
210    @a第四版@c中国劳动@d2001.06
210    @a北京@c中国劳动出版社
215    @a145页@d20cm
606 0  @a金属材料
690    @aTG14@v4
701  0 @a劳动和社会保障部教材办公室@Alao dong he she hui bao zhang bu jiao cai ban gong shi@4组织编写
801  0 @aCN@c20091009
905    @a10447@dTG14@eL0591=4
906    @d13@n3@r1
    
    金属材料与热处理/劳动和社会保障部教材办公室组织编写.-第四版:中国劳动,2001.06.-北京:中国劳动出版社
    145页;20cm
    
    
    ISBN 7-5045-3092-1:CNY13.00
    
●
相关链接 在E读中查询图书 在当当中查询图书 在豆瓣中查询图书


正题名:金属材料与热处理     索取号:TG14/L0591=4         预约/预借

序号 登录号 条形码 馆藏地/架位号 状态 备注
1 893863   208938630   自科库501/501自科库 24排3列1层/ [索取号:TG14/L0591=4] 在馆    
2 893864   208938649   自科库501/501自科库 24排3列1层/ [索取号:TG14/L0591=4] 在馆    
3 893865   208938658   自科二线504/504自科库 41排1列6层/ [索取号:TG14/L0591=4] 在馆    
河南城建学院图书馆 欢迎您!
大连网信软件有限公司© 版权所有